| 000 | 005990000a22001810004500 | ||
|---|---|---|---|
| 003 | MACL | ||
| 005 | 20160225165043.0 | ||
| 008 | 160225b xxu||||| |||| 00| 0 eng d | ||
| 040 |
_aMACL _cMACL |
||
| 041 | _aHindi | ||
| 082 | _a800/JAI | ||
| 100 |
_aजैन डा. निर्मला _940523 |
||
| 245 | _aआधुनिक हिन्दी काव्य में रूप विधाए | ||
| 260 |
_bनेशनल पब्लिशिंग हाउस _c1963 _aनई दिल्ली |
||
| 350 | _a25 | ||
| 650 |
_aLiterature _940524 |
||
| 942 |
_cHIN _k800 _2ddc |
||
| 999 |
_c25771 _d25771 |
||